[Event "POL-chT 2nd League"]
[Site "Jastrzebia Gora"]
[Date "2016.09.11"]
[Round "9.25"]
[White "Licznerski, Lukasz"]
[Black "Mucha, Roman"]
[Result "0-1"]
[WhiteElo "2260"]
[BlackElo "2190"]
[PlyCount "116"]
[EventDate "2016.09.03"]
[EventType "team-swiss"]
[EventRounds "9"]
[EventCountry "POL"]
[SourceTitle "EXT 2017"]
[Source "ChessBase"]
[SourceDate "2016.10.25"]
[SourceVersion "1"]
[SourceVersionDate "2016.10.25"]
[SourceQuality "1"]
[WhiteTeam "Gostynin Gostmat 83"]
[BlackTeam "Wieliczka MKS MOS"]
[WhiteTeamCountry "POL"]
[BlackTeamCountry "POL"]

1. e4 c5 2. Nf3 d6 3. d4 Nf6 4. Nc3 cxd4 5. Nxd4 Bd7 6. Be2 Bc6 7. 0-0 g6 8. Re1 Bg7 9. Bf1 0-0 10. a4 Qc7 11. a5 a6 12. Nb3 Nbd7 13. Nd5 Qd8 14. c4 Rc8 15. Bg5 h6 16. Bh4 e6 17. Nc3 g5 18. Bg3 Ne5 19. f3 Nh5 20. Bf2 Qe7 21. Nd4 Bd7 22. b3 Nf4 23. g3 Nfg6 24. Qd2 h5 25. Bg2 h4 26. Be3 Bf6 27. Bh3 hxg3 28. hxg3 Kg7 29. Kg2 Rh8 30. Rh1 Rcg8 31. Kf2 Kf8 32. Bg2 Nc6 33. Nce2 Nge5 34. Rxh8 Rxh8 35. Rd1 Nxd4 36. Bxd4 Bc6 37. Bc3 d5 38. exd5 exd5 39. Kf1 Kg8 40. cxd5 Bb5 41. d6 Qd8 42. Qe3 Nc6 43. b4 Bxc3 44. Qxc3 Rh6 45. Qc5 Re6 46. Rd2 Bxe2+ 47. Rxe2 Rxd6 48. f4 Rd1+ 49. Kf2 gxf4 50. gxf4 Qh4+ 51. Ke3 Qg3+ 52. Bf3 Qg1+ 53. Rf2 Qe1+ 54. Re2 Qg1+ 55. Rf2 Rb1 56. Qg5+ Qxg5 57. fxg5 Rb3+ 58. Kd2 Rb2+ 0-1

[Event "POL-chT 2nd League"]
[Site "Jastrzebia Gora"]
[Date "2016.09.08"]
[Round "6.19"]
[White "Mucha, Roman"]
[Black "Rudolf, Michal"]
[Result "1/2-1/2"]
[WhiteElo "2190"]
[BlackElo "2339"]
[PlyCount "64"]
[EventDate "2016.09.03"]
[EventType "team-swiss"]
[EventRounds "9"]
[EventCountry "POL"]
[SourceTitle "EXT 2017"]
[Source "ChessBase"]
[SourceDate "2016.10.25"]
[SourceVersion "1"]
[SourceVersionDate "2016.10.25"]
[SourceQuality "1"]
[WhiteTeam "Wieliczka MKS MOS"]
[BlackTeam "Warszawa YMCA"]
[WhiteTeamCountry "POL"]
[BlackTeamCountry "POL"]

1. f4 c5 2. Nf3 Nc6 3. g3 g6 4. Bg2 Bg7 5. 0-0 e6 6. e4 d6 7. Nc3 Nge7 8. d3 0-0 9. Be3 Nd4 10. Qd2 Rb8 11. Nd1 b5 12. c3 Nxf3+ 13. Bxf3 b4 14. d4 bxc3 15. Nxc3 Nc6 16. dxc5 dxc5 17. Qxd8 Rxd8 18. Bxc5 Rxb2 19. e5 Nd4 20. Be4 f5 21. Rfd1 Bf8 22. Bxd4 Rxd4 23. Bf3 Bc5 24. Kh1 Rf2 25. Bc6 Ba6 26. Nb5 Rxd1+ 27. Rxd1 Rxa2 28. Nc7 Kf7 29. Be8+ Kg8 30. Bc6 Kf7 31. Be8+ Kf8 32. Bc6 Kf7 1/2-1/2

[Event "Oravska Priehrada op"]
[Site "Oravska Priehrada"]
[Date "2016.08.27"]
[Round "2"]
[White "Mucha, Roman"]
[Black "Geleta, Andrej"]
[Result "1-0"]
[WhiteElo "2185"]
[BlackElo "1739"]
[PlyCount "97"]
[EventDate "2016.08.26"]
[EventType "swiss"]
[EventRounds "7"]
[EventCountry "SVK"]
[SourceTitle "CBM 174 Extra"]
[Source "ChessBase"]
[SourceDate "2016.10.10"]
[SourceVersion "1"]
[SourceVersionDate "2016.10.10"]
[SourceQuality "1"]

1. e4 e5 2. f4 Nc6 3. Nf3 d6 4. Bc4 Be7 5. 0-0 Nf6 6. d3 0-0 7. Nc3 exf4 8. Bxf4 Na5 9. Bb3 Nxb3 10. axb3 b6 11. Kh1 Bb7 12. Nd4 Ne8 13. Nd5 Bg5 14. Bg3 Bh4 15. Qg4 Bxg3 16. Qxg3 c6 17. Ne3 Qe7 18. Ndf5 Qe5 19. Nh6+ Kh8 20. Qxe5 dxe5 21. Nxf7+ Kg8 22. Nxe5 Rxf1+ 23. Rxf1 Nd6 24. N3c4 Nb5 25. c3 c5 26. Kg1 Rd8 27. Kf2 Rf8+ 28. Nf3 Kf7 29. Ke3 Ke7 30. Rd1 Bc8 31. d4 Bg4 32. h3 Bh5 33. g4 Be8 34. d5 h6 35. Nfe5 g5 36. d6+ Nxd6 37. Nxd6 Ke6 38. Nxe8 Kxe5 39. Nc7 Rc8 40. Rd5+ Kf6 41. Rf5+ Ke7 42. Nd5+ Kd7 43. Rf7+ Ke6 44. Rf6+ Ke5 45. Rxh6 b5 46. Ne7 Rc7 47. Nc6+ Rxc6 48. Rxc6 a6 49. Rxc5+ 1-0

[Event "Krakow Malopolski-ch"]
[Site "Krakow"]
[Date "2015.05.02"]
[Round "8"]
[White "Kyc, Jerzy"]
[Black "Mucha, Roman"]
[Result "1/2-1/2"]
[WhiteElo "2157"]
[BlackElo "2203"]
[PlyCount "64"]
[EventDate "2015.04.26"]
[EventType "swiss"]
[EventRounds "9"]
[EventCountry "POL"]
[SourceTitle "CBM 166 Extra"]
[Source "ChessBase"]
[SourceDate "2015.06.18"]
[SourceVersion "1"]
[SourceVersionDate "2015.06.18"]
[SourceQuality "1"]

1. e4 c5 2. Nf3 d6 3. d4 cxd4 4. Nxd4 Nf6 5. Nc3 a6 6. Bg5 e6 7. f4 Be7 8. Qf3 Qc7 9. 0-0-0 h6 10. Bh4 Nbd7 11. f5 Ne5 12. Qh3 Nfg4 13. Be2 Bxh4 14. Qxh4 Qe7 15. Qxe7+ Kxe7 16. Bxg4 Nxg4 17. Rd2 Bd7 18. Nf3 Bc6 19. Re1 e5 20. Nd5+ Bxd5 21. Rxd5 Nf6 22. Rd3 Rhc8 23. b3 b5 24. Nd2 Rc5 25. Kb2 Rd8 26. c4 Rdc8 27. Rg3 Kf8 28. Rd3 R5c6 29. Ka3 Ke7 30. Rg3 Nh5 31. Rc3 Nf6 32. Rg3 Nh5 1/2-1/2

[Event "Krakow Malopolski-ch"]
[Site "Krakow"]
[Date "2015.04.30"]
[Round "5"]
[White "Olesiak, Marcin"]
[Black "Mucha, Roman"]
[Result "0-1"]
[WhiteElo "1969"]
[BlackElo "2203"]
[PlyCount "82"]
[EventDate "2015.04.26"]
[EventType "swiss"]
[EventRounds "9"]
[EventCountry "POL"]
[SourceTitle "CBM 166 Extra"]
[Source "ChessBase"]
[SourceDate "2015.06.18"]
[SourceVersion "1"]
[SourceVersionDate "2015.06.18"]
[SourceQuality "1"]

1. d4 f5 2. g3 Nf6 3. Bg2 g6 4. Nh3 Bg7 5. 0-0 0-0 6. c4 Kh8 7. Nc3 Nc6 8. d5 Ne5 9. Qc2 d6 10. Nf4 c5 11. Ne6 Bxe6 12. dxe6 Rb8 13. Nd5 Nc6 14. Nxf6 Nd4 15. Qd3 Bxf6 16. Bd5 Qc8 17. e4 fxe4 18. Qxe4 b5 19. Bh6 Bg7 20. Bxg7+ Kxg7 21. Kg2 bxc4 22. Rab1 Qa6 23. Rfc1 Qxa2 24. Bxc4 Qa4 25. Rd1 Rf6 26. h4 Qb4 27. b3 Qc3 28. h5 Rbf8 29. f4 Qc2+ 30. Qxc2 Nxc2 31. Rd2 Ne3+ 32. Kf2 Nxc4 33. bxc4 Rxe6 34. hxg6 hxg6 35. Ra2 g5 36. Rxa7 gxf4 37. gxf4 Rh8 38. Rg1+ Kf6 39. Ra2 Rh3 40. Rg3 Rxg3 41. Kxg3 Kf5 0-1

[Event "Krakow Malopolski-ch"]
[Site "Krakow"]
[Date "2015.04.29"]
[Round "4"]
[White "Mucha, Roman"]
[Black "Barski, Radoslaw"]
[Result "0-1"]
[WhiteElo "2203"]
[BlackElo "2271"]
[PlyCount "74"]
[EventDate "2015.04.26"]
[EventType "swiss"]
[EventRounds "9"]
[EventCountry "POL"]
[SourceTitle "CBM 166 Extra"]
[Source "ChessBase"]
[SourceDate "2015.06.18"]
[SourceVersion "1"]
[SourceVersionDate "2015.06.18"]
[SourceQuality "1"]

1. e4 c5 2. Nf3 Nc6 3. Nc3 g6 4. Bb5 Bg7 5. 0-0 e5 6. a4 Nge7 7. Nd5 0-0 8. Bxc6 bxc6 9. Nxe7+ Qxe7 10. d3 d6 11. Re1 h6 12. Nd2 f5 13. exf5 Rxf5 14. Ne4 d5 15. Ng3 Rf7 16. Be3 Kh7 17. c4 h5 18. cxd5 cxd5 19. Rc1 h4 20. Bxc5 Qg5 21. Be3 Qf6 22. Nh1 d4 23. Bd2 h3 24. Qe2 hxg2 25. Ng3 Bb7 26. Ne4 Bxe4 27. dxe4 Qh4 28. Kxg2 d3 29. Qe3 Raf8 30. Rf1 Rf3 31. Qxa7 Rh3 32. Rh1 Qg4+ 33. Kf1 Qe2+ 34. Kg1 Qxd2 35. Rc7 Qd1+ 36. Kg2 Qf3+ 37. Kg1 Rg8 0-1

[Event "Krakow op-A 24th"]
[Site "Krakow"]
[Date "2013.12.30"]
[Round "5"]
[White "Mucha, Roman"]
[Black "Wiewiora, Eneasz"]
[Result "1-0"]
[WhiteElo "2179"]
[BlackElo "2232"]
[PlyCount "85"]
[EventDate "2013.12.27"]
[EventType "swiss"]
[EventRounds "9"]
[EventCountry "POL"]
[SourceTitle "CBM 158 Extra"]
[Source "ChessBase"]
[SourceDate "2014.02.28"]
[SourceVersion "1"]
[SourceVersionDate "2014.02.28"]
[SourceQuality "1"]

1. c4 g6 2. Nc3 Bg7 3. e4 d6 4. d4 Nf6 5. Be2 0-0 6. Bg5 Na6 7. f3 Qe8 8. Qd2 e5 9. d5 Nh5 10. g3 f5 11. 0-0-0 Nc5 12. b4 Na4 13. Nb5 Qf7 14. Qc2 a6 15. Nxd6 cxd6 16. Qxa4 b5 17. cxb5 Bd7 18. Qb3 axb5 19. Be3 Nf6 20. Nh3 Nxe4 21. fxe4 f4 22. Ng5 Qe7 23. Ne6 Rfc8+ 24. Kb2 fxe3 25. Rhf1 Bh6 26. a3 Be8 27. Rc1 Bd7 28. h4 Be8 29. Qd3 Rab8 30. Rxc8 Rxc8 31. Rc1 Rxc1 32. Kxc1 g5 33. h5 g4 34. Kb2 Qf6 35. Bxg4 Qf2+ 36. Qe2 Qxg3 37. Nc7 Bf7 38. Nxb5 Qf4 39. Nxd6 Bxd5 40. exd5 Qd4+ 41. Kb3 Bf8 42. Be6+ Kh8 43. Nf7+ 1-0

[Event "Krakow Malopolski-chA"]
[Site "Krakow"]
[Date "2013.05.03"]
[Round "7"]
[White "Bus, Konrad"]
[Black "Mucha, Roman"]
[Result "0-1"]
[WhiteElo "2077"]
[BlackElo "2177"]
[PlyCount "60"]
[EventDate "2013.04.28"]
[EventType "swiss"]
[EventRounds "9"]
[EventCountry "POL"]
[SourceTitle "CBM 154 Extra"]
[Source "ChessBase"]
[SourceDate "2013.06.25"]
[SourceVersion "2"]
[SourceVersionDate "2013.06.25"]
[SourceQuality "1"]

1. Nf3 f5 2. c4 Nf6 3. g3 g6 4. Bg2 Bg7 5. 0-0 0-0 6. d4 d6 7. Nc3 Nc6 8. d5 Ne5 9. Nxe5 dxe5 10. e4 f4 11. gxf4 exf4 12. e5 Ng4 13. e6 Ne5 14. Qb3 f3 15. Bh3 g5 16. Rd1 Qe8 17. Bf1 Qh5 18. h3 Ng4 19. Ne4 Be5 20. Bxg5 Nh2 21. Qe3 Rf5 22. c5 h6 23. d6 cxd6 24. cxd6 Bxe6 25. dxe7 Re8 26. Rd8 Nxf1 27. Nf6+ Kf7 28. Kxf1 Bxf6 29. Rxe8 Kxe8 30. Qd3 Rd5 0-1

[Event "Krakow Malopolski-chA"]
[Site "Krakow"]
[Date "2013.05.01"]
[Round "4"]
[White "Mucha, Roman"]
[Black "Jakubiec, Artur"]
[Result "1/2-1/2"]
[WhiteElo "2177"]
[BlackElo "2531"]
[PlyCount "48"]
[EventDate "2013.04.28"]
[EventType "swiss"]
[EventRounds "9"]
[EventCountry "POL"]
[SourceTitle "CBM 154 Extra"]
[Source "ChessBase"]
[SourceDate "2013.06.25"]
[SourceVersion "2"]
[SourceVersionDate "2013.06.25"]
[SourceQuality "1"]

1. d4 d6 2. c4 e5 3. Nf3 e4 4. Ng5 f5 5. g3 h6 6. Nh3 g5 7. f4 exf3 8. exf3 Qe7+ 9. Be2 f4 10. Nf2 Nc6 11. d5 Ne5 12. 0-0 Bd7 13. Nc3 Nf6 14. Nfe4 Nxe4 15. Nxe4 0-0-0 16. gxf4 gxf4 17. Bxf4 Bh3 18. Rf2 Rg8+ 19. Bg3 h5 20. Qd4 b6 21. Kh1 Bg7 22. Qe3 Ng6 23. Qg5 Bxb2 24. Rb1 Qg7 1/2-1/2

[Event "Krakow op 21st"]
[Site "Krakow"]
[Date "2011.01.02"]
[Round "6"]
[White "Mucha, Roman"]
[Black "Kalvaitis, Sigitas"]
[Result "0-1"]
[WhiteElo "2166"]
[BlackElo "2327"]
[PlyCount "54"]
[EventDate "2010.12.27"]
[EventType "swiss"]
[EventRounds "9"]
[EventCountry "POL"]
[SourceTitle "CBM 140 Extra"]
[Source "ChessBase"]
[SourceDate "2011.03.01"]
[SourceVersion "1"]
[SourceVersionDate "2011.03.01"]
[SourceQuality "1"]

1. e4 e6 2. d4 d5 3. e5 c5 4. Nf3 Nc6 5. Bd3 Bd7 6. 0-0 cxd4 7. Bf4 Be7 8. Bg3 g5 9. h3 h5 10. Nbd2 Nh6 11. Nb3 h4 12. Bh2 Qb6 13. Be2 g4 14. Nfxd4 g3 15. fxg3 Nf5 16. Rxf5 exf5 17. Kh1 hxg3 18. Bxg3 0-0-0 19. c3 Rdg8 20. Bf4 Bg5 21. Qd2 Nxd4 22. cxd4 Qh6 23. Bxg5 Rxg5 24. Qc3+ Kb8 25. Rc1 Bc6 26. Na5 Rg6 27. Bb5 Rg3 0-1

[Event "POL-chT U19 41st"]
[Site "Ustron"]
[Date "2010.07.13"]
[Round "8"]
[White "Mucha, Roman"]
[Black "Mroziak, Maciej"]
[Result "1/2-1/2"]
[WhiteElo "2181"]
[BlackElo "2068"]
[PlyCount "78"]
[EventDate "2010.07.06"]
[EventType "team-tourn"]
[EventRounds "9"]
[EventCountry "POL"]
[SourceTitle "EXT 2019"]
[Source "ChessBase"]
[SourceDate "2018.10.10"]
[SourceVersion "1"]
[SourceVersionDate "2018.10.10"]
[SourceQuality "1"]
[WhiteTeam "Trzebinia UKS Hetman Koronny U19"]
[BlackTeam "Gliwice Politechnika Slaska U19"]
[WhiteTeamCountry "POL"]
[BlackTeamCountry "POL"]

1. Nf3 d5 2. d4 Nf6 3. c4 c6 4. e3 e6 5. Nbd2 Nbd7 6. Bd3 Qc7 7. 0-0 Be7 8. e4 dxe4 9. Nxe4 c5 10. Nxf6+ Nxf6 11. dxc5 Qxc5 12. Qe2 b6 13. Be3 Qh5 14. Ng5 Qxe2 15. Bxe2 Bb7 16. Rfd1 0-0 17. Bf3 Bxf3 18. Nxf3 Rfc8 19. b3 Kf8 20. Ne5 Bc5 21. Bxc5+ Rxc5 22. Nd7+ Nxd7 23. Rxd7 Ke8 24. Rad1 Rcc8 25. Kf1 Rd8 26. Rxd8+ Rxd8 27. Rxd8+ Kxd8 28. Ke2 Kd7 29. Kd3 Kd6 30. f4 h6 31. Kd4 a5 32. a3 f6 33. b4 axb4 34. axb4 g6 35. h4 h5 36. g3 Kc6 37. Ke4 Kd6 38. Kd4 Kc6 39. Ke4 Kd6 1/2-1/2

[Event "POL-chT U19 41st"]
[Site "Ustron"]
[Date "2010.07.12"]
[Round "7"]
[White "Szumilas, Piotr"]
[Black "Mucha, Roman"]
[Result "1-0"]
[WhiteElo "2197"]
[BlackElo "2181"]
[PlyCount "71"]
[EventDate "2010.07.06"]
[EventType "team-tourn"]
[EventRounds "9"]
[EventCountry "POL"]
[SourceTitle "EXT 2019"]
[Source "ChessBase"]
[SourceDate "2018.10.10"]
[SourceVersion "1"]
[SourceVersionDate "2018.10.10"]
[SourceQuality "1"]
[WhiteTeam "Legnica Miedz U19"]
[BlackTeam "Trzebinia UKS Hetman Koronny U19"]
[WhiteTeamCountry "POL"]
[BlackTeamCountry "POL"]

1. e4 c5 2. c3 g6 3. d4 cxd4 4. cxd4 d5 5. exd5 Nf6 6. Nc3 Bg7 7. Bc4 0-0 8. Nge2 Nbd7 9. Nf4 Nb6 10. Bb3 Bf5 11. 0-0 Ne4 12. Re1 Nd6 13. Be3 Rc8 14. Qe2 Nbc4 15. Rac1 Na5 16. Bd1 Nac4 17. b3 Nxe3 18. fxe3 Ne4 19. Qb2 Bh6 20. Bf3 Nxc3 21. Rxc3 Rxc3 22. Qxc3 Qd6 23. Qc5 b6 24. Qxd6 exd6 25. g3 Bg7 26. Rc1 Rc8 27. Rc6 Bd7 28. Rxc8+ Bxc8 29. Kf2 Kf8 30. Nd3 a5 31. a4 Bf5 32. Nb2 Bf6 33. Nc4 Bc2 34. Nd2 Ke7 35. Be4 Bd1 36. Ke1 1-0

[Event "POL-ch U18"]
[Site "Karpacz"]
[Date "2010.03.14"]
[Round "11"]
[White "Mucha, Roman"]
[Black "Kowalczuk, Mikolaj"]
[Result "1/2-1/2"]
[WhiteElo "2184"]
[BlackElo "1882"]
[PlyCount "60"]
[EventDate "2010.03.06"]
[EventType "swiss"]
[EventRounds "11"]
[EventCountry "POL"]
[SourceTitle "CBM 135 Extra"]
[Source "ChessBase"]
[SourceDate "2010.05.04"]
[SourceVersion "1"]
[SourceVersionDate "2010.05.04"]
[SourceQuality "1"]

1. b3 e5 2. Bb2 Nc6 3. e3 d5 4. Nf3 Bd6 5. Bb5 Bg4 6. h3 Bxf3 7. Qxf3 a6 8. Bxc6+ bxc6 9. Qg3 Nf6 10. Bxe5 Nh5 11. Qh2 0-0 12. 0-0 Qe7 13. Bxd6 cxd6 14. d3 f5 15. Nd2 f4 16. Rae1 Rae8 17. e4 Qa7 18. Kh1 Qc5 19. Rc1 Qa5 20. Rfd1 dxe4 21. dxe4 d5 22. exd5 Qxd5 23. Nf3 Qa5 24. Nd2 Qd5 25. Nf3 Qa5 26. Nd2 Qd5 27. Nf3 Qa5 28. Nd2 Qd5 29. Nf3 Qa5 30. Nd2 Qd5 1/2-1/2

[Event "POL-ch U18"]
[Site "Karpacz"]
[Date "2010.03.12"]
[Round "9"]
[White "Szumilas, Piotr"]
[Black "Mucha, Roman"]
[Result "1-0"]
[WhiteElo "2171"]
[BlackElo "2184"]
[PlyCount "53"]
[EventDate "2010.03.06"]
[EventType "swiss"]
[EventRounds "11"]
[EventCountry "POL"]
[SourceTitle "CBM 135 Extra"]
[Source "ChessBase"]
[SourceDate "2010.05.04"]
[SourceVersion "1"]
[SourceVersionDate "2010.05.04"]
[SourceQuality "1"]

1. e4 c5 2. c3 d6 3. d4 Nf6 4. dxc5 Nc6 5. Bc4 e6 6. Bg5 dxc5 7. Qxd8+ Nxd8 8. Nd2 Be7 9. f4 h6 10. Bxf6 Bxf6 11. Bb5+ Kf8 12. Ngf3 g5 13. g3 gxf4 14. gxf4 Rg8 15. Kf2 a6 16. Bd3 Nc6 17. e5 Bd8 18. Rhg1 Rxg1 19. Rxg1 b5 20. Be4 Bd7 21. Rd1 Ke8 22. Nf1 Rc8 23. Ne3 c4 24. Ng4 Bb6+ 25. Ke2 Ke7 26. Nxh6 Be8 27. Ng8+ 1-0

[Event "Krakow op 20th"]
[Site "Krakow"]
[Date "2009.12.30"]
[Round "4"]
[White "Pietruszewski, Marcin"]
[Black "Mucha, Roman"]
[Result "1-0"]
[WhiteElo "2037"]
[BlackElo "2176"]
[PlyCount "81"]
[EventDate "2009.12.27"]
[EventType "swiss"]
[EventRounds "9"]
[EventCountry "POL"]
[SourceTitle "CBM 134 Extra"]
[Source "ChessBase"]
[SourceDate "2010.03.03"]
[SourceVersion "1"]
[SourceVersionDate "2010.03.03"]
[SourceQuality "1"]

1. e4 c5 2. Nf3 d6 3. d4 cxd4 4. Nxd4 Nf6 5. Nc3 a6 6. f3 e5 7. Nb3 Be6 8. Be3 Be7 9. Qd2 Nbd7 10. g4 b5 11. a4 b4 12. Nd5 Bxd5 13. exd5 Nb6 14. a5 Nbd7 15. Ra4 0-0 16. Rxb4 Qc7 17. Be2 Rfc8 18. c3 Nc5 19. Nxc5 dxc5 20. Rb6 Nd7 21. d6 Bh4+ 22. Kf1 Qd8 23. Rxa6 Rxa6 24. Bxa6 Ra8 25. Bb5 Rxa5 26. c4 Ra2 27. Kg2 Qf6 28. Qc3 Qxd6 29. Qb3 Ra7 30. Rd1 Qb8 31. Qd3 Nf8 32. Bxc5 Ne6 33. Bxa7 Qxa7 34. Kh1 Qf2 35. c5 g6 36. c6 Bg5 37. Bc4 Bf4 38. Qe2 Qb6 39. Bxe6 fxe6 40. Qc2 Qe3 41. Kg2 1-0

[Event "Polanica Zdroj op-A 45th"]
[Site "Polanica Zdroj"]
[Date "2009.08.25"]
[Round "8"]
[White "Mucha, Roman"]
[Black "Seifert, Henryk"]
[Result "1/2-1/2"]
[WhiteElo "2176"]
[BlackElo "2235"]
[PlyCount "88"]
[EventDate "2009.08.18"]
[EventType "swiss"]
[EventRounds "10"]
[EventCountry "POL"]
[SourceTitle "CBM 131 Extra"]
[Source "ChessBase"]
[SourceDate "2009.09.03"]
[SourceVersion "2"]
[SourceVersionDate "2009.09.16"]
[SourceQuality "1"]

1. c4 c6 2. d4 d5 3. Nc3 Nf6 4. Nf3 e6 5. e3 Nbd7 6. Qc2 b6 7. b3 Bb7 8. Bb2 Bd6 9. cxd5 exd5 10. Bd3 Rc8 11. Rc1 0-0 12. h3 Re8 13. 0-0 Qe7 14. Qe2 Ne4 15. Rc2 Nxc3 16. Rxc3 Nf6 17. Rfc1 Ne4 18. R3c2 Rcd8 19. Ra1 f5 20. Ne5 Bxe5 21. dxe5 Rf8 22. a4 a5 23. Rcc1 c5 24. Rd1 Bc8 25. Bc2 Be6 26. Kh2 Qh4 27. g3 Qh6 28. f4 Bf7 29. Bxe4 dxe4 30. Rxd8 Rxd8 31. Rd1 Rd5 32. Rxd5 Bxd5 33. g4 Qe6 34. gxf5 Qxf5 35. Qd2 Qd7 36. f5 Be6 37. Qxd7 Bxd7 38. e6 Bc6 39. Be5 Bd5 40. Bc7 Bxb3 41. Bxb6 g6 42. e7 Bxa4 43. fxg6 hxg6 44. Bxc5 Kf7 1/2-1/2

[Event "Polanica Zdroj op-A 45th"]
[Site "Polanica Zdroj"]
[Date "2009.08.24"]
[Round "7"]
[White "Piesik, Piotr"]
[Black "Mucha, Roman"]
[Result "1/2-1/2"]
[WhiteElo "2209"]
[BlackElo "2176"]
[PlyCount "114"]
[EventDate "2009.08.18"]
[EventType "swiss"]
[EventRounds "10"]
[EventCountry "POL"]
[SourceTitle "CBM 131 Extra"]
[Source "ChessBase"]
[SourceDate "2009.09.03"]
[SourceVersion "2"]
[SourceVersionDate "2009.09.16"]
[SourceQuality "1"]

1. d4 g6 2. g3 Bg7 3. Bg2 Nf6 4. Nf3 0-0 5. 0-0 d6 6. Nbd2 Nbd7 7. e4 c5 8. c3 Qc7 9. Qe2 e5 10. dxe5 dxe5 11. a4 b6 12. Rd1 Bb7 13. Ne1 Rfd8 14. Nc4 Ba6 15. Bg5 h6 16. Bxf6 Nxf6 17. Nc2 Bb7 18. f3 Bc6 19. N2e3 Rxd1+ 20. Qxd1 Rd8 21. Qc2 h5 22. Rd1 Bh6 23. Kf2 h4 24. b3 hxg3+ 25. hxg3 Rxd1 26. Qxd1 Bf8 27. Bf1 Qe7 28. Nd2 Bh6 29. Bc4 Kg7 30. Ndf1 Qb7 31. Qd3 Qe7 32. Bb5 Bb7 33. Ba6 Bc6 34. Nc4 Bd7 35. Qd6 Qxd6 36. Nxd6 Ne8 37. Nc4 Kf6 38. Nfe3 Bxe3+ 39. Nxe3 Be6 40. Bc4 Bxc4 41. Nxc4 Ke6 42. Ke3 f6 43. Kd3 Nc7 44. Ne3 Kd6 45. Ng4 Ne8 46. Ne3 Nc7 47. Ng2 Ne6 48. Nh4 Nf8 49. f4 exf4 50. gxf4 a6 51. Nf3 Nd7 52. Ke3 b5 53. axb5 axb5 54. b4 Nf8 55. Nd2 cxb4 56. cxb4 Ne6 57. Nf3 Nd8 1/2-1/2

[Event "Polanica Zdroj op-A 45th"]
[Site "Polanica Zdroj"]
[Date "2009.08.23"]
[Round "6"]
[White "Mucha, Roman"]
[Black "Musialkiewicz, Jan"]
[Result "1/2-1/2"]
[WhiteElo "2176"]
[BlackElo "2115"]
[PlyCount "43"]
[EventDate "2009.08.18"]
[EventType "swiss"]
[EventRounds "10"]
[EventCountry "POL"]
[SourceTitle "CBM 131 Extra"]
[Source "ChessBase"]
[SourceDate "2009.09.03"]
[SourceVersion "2"]
[SourceVersionDate "2009.09.16"]
[SourceQuality "1"]

1. b3 c5 2. Bb2 Nc6 3. e4 e5 4. f4 d6 5. Nf3 g6 6. Bb5 Bg7 7. Qe2 Nge7 8. fxe5 0-0 9. Qe3 b6 10. 0-0 dxe5 11. Ng5 Bh6 12. Qg3 f6 13. Bc4+ Kg7 14. Nf3 a6 15. Nxe5 Nxe5 16. Bxe5 b5 17. Nc3 bxc4 18. Rxf6 Rxf6 19. Rf1 Ng8 20. Nd5 Be6 21. Nxf6 Nxf6 22. Bxf6+ 1/2-1/2